FMB launches Green Deal Certification Service (Record no. 114500)

MARC details
000 -LEADER
fixed length control field 01178cad a22002295a 4500
001 - CONTROL NUMBER
control field L156933
008 - FIXED-LENGTH DATA ELEMENTS--GENERAL INFORMATION
fixed length control field 120731s2012 xxk f 000 0 eng d
035 ## - SYSTEM CONTROL NUMBER
System control number (Sirsi) u156933
041 0# - LANGUAGE CODE
Language code of text/sound track or separate title eng
110 2# - MAIN ENTRY--CORPORATE NAME
Corporate name or jurisdiction name as entry element Federation of Master Builders
9 (RLIN) 465
245 00 - TITLE STATEMENT
Title FMB launches Green Deal Certification Service
Medium [electronic resource]
260 ## - PUBLICATION, DISTRIBUTION, ETC.
Place of publication, distribution, etc. London
Name of publisher, distributor, etc. FMB
Date of publication, distribution, etc. 2012
490 #0 - SERIES STATEMENT
Series statement Federation of Master Builders Press Release
Volume/sequential designation 23 July 2012
520 ## - SUMMARY, ETC.
Summary, etc. Federation of Master Builders is launching a registration and certification service to companies committed to delivering the highest standards of customer service and workmanship in the building industry. These services are offered through a new agreement with NAPIT Group Limited, a UKAS accredited certification body for Green Deal, microgeneration and Competent Person Schemes.
590 ## - LOCAL NOTE (RLIN)
Local note KA
651 #4 - SUBJECT ADDED ENTRY--GEOGRAPHIC NAME
Geographic name United Kingdom
690 ## - LOCAL SUBJECT ADDED ENTRY--TOPICAL TERM (OCLC, RLIN)
Topical term or geographic name as entry element Sustainability
9 (RLIN) 6271
690 ## - LOCAL SUBJECT ADDED ENTRY--TOPICAL TERM (OCLC, RLIN)
Topical term or geographic name as entry element Construction management
9 (RLIN) 6230
690 ## - LOCAL SUBJECT ADDED ENTRY--TOPICAL TERM (OCLC, RLIN)
Topical term or geographic name as entry element Environment
9 (RLIN) 6238
856 40 - ELECTRONIC LOCATION AND ACCESS
Uniform Resource Identifier <a href="https://www.fmb.org.uk/news/press-releases/2012/july/fmb-launches-green-deal-certification-service230712/">https://www.fmb.org.uk/news/press-releases/2012/july/fmb-launches-green-deal-certification-service230712/</a>
Public note View the item free of charge at www.fmb.org.uk
942 ## - ADDED ENTRY ELEMENTS (KOHA)
Suppress in OPAC 0
Holdings
Withdrawn status Lost status Source of classification or shelving scheme Damaged status Not for loan Home library Current library Shelving location Date acquired Total Checkouts Full call number Barcode Date last seen Copy number Price effective from Koha item type
    Dewey Decimal Classification     Virtual Virtual Online 31/07/2012   ONLINE PUBLICATION 156933-2001 06/08/2019 1 06/08/2019 Book